[Event "Chigorin Memorial 25th"]
[Site "St Petersburg"]
[Date "2017.10.24"]
[Round "4"]
[White "Konaplev, Anton"]
[Black "Malinovsky, Ilya"]
[Result "1-0"]
[WhiteElo "2298"]
[BlackElo "2044"]
[PlyCount "115"]
[EventDate "2017.10.21"]
[EventType "swiss"]
[EventRounds "9"]
[EventCountry "RUS"]
[SourceTitle "CBM 181 Extra"]
[Source "ChessBase"]
[SourceDate "2017.12.12"]
[SourceVersion "1"]
[SourceVersionDate "2017.12.12"]
[SourceQuality "1"]

1. d4 e6 2. c4 f5 3. Nf3 Nf6 4. Bf4 b6 5. e3 Bb7 6. Be2 Be7 7. 0-0 0-0 8. Nc3 Nh5 9. d5 Nxf4 10. exf4 Qe8 11. Nd4 Bd6 12. Qd2 Na6 13. Rfe1 Qg6 14. Bf3 Qh6 15. g3 e5 16. Ndb5 e4 17. Bg2 Bc5 18. a3 c6 19. Nd4 Bxd4 20. Qxd4 Nc5 21. Rad1 Rae8 22. h4 Ba6 23. Bf1 Nb3 24. Qe3 Na5 25. c5 Bxf1 26. Kxf1 Nc4 27. Qe2 b5 28. a4 a6 29. b3 Na5 30. Qa2 b4 31. Ne2 Qh5 32. Nd4 cxd5 33. Qd2 Qg4 34. Re3 Nc6 35. Nc2 Kh8 36. Qxd5 Ne5 37. Kg1 Ng6 38. Kf1 Ne5 39. Kg1 Nd3 40. Rdxd3 exd3 41. Qxd3 Rc8 42. Nxb4 Rxc5 43. Nxa6 Rc1+ 44. Kg2 Qg6 45. Nb4 Qb6 46. Nd5 Qc6 47. Qxf5 Rg8 48. Qe4 Ra1 49. Nc3 Qc5 50. b4 Qc8 51. h5 Rc1 52. Nd5 Rc4 53. Qe5 Qa8 54. h6 d6 55. hxg7+ Rxg7 56. Qe8+ Rg8 57. Qxa8 Rxa8 58. Nb6 1-0

[Event "Chigorin Memorial 25th"]
[Site "St Petersburg"]
[Date "2017.10.22"]
[Round "2"]
[White "Sakalli, Selcuk Orkun"]
[Black "Malinovsky, Ilya"]
[Result "0-1"]
[WhiteElo "1699"]
[BlackElo "2044"]
[PlyCount "38"]
[EventDate "2017.10.21"]
[EventType "swiss"]
[EventRounds "9"]
[EventCountry "RUS"]
[SourceTitle "CBM 181 Extra"]
[Source "ChessBase"]
[SourceDate "2017.12.12"]
[SourceVersion "1"]
[SourceVersionDate "2017.12.12"]
[SourceQuality "1"]

1. d4 Nf6 2. c4 e6 3. Nc3 Bb4 4. Bg5 d5 5. e3 0-0 6. Nf3 b6 7. cxd5 exd5 8. Qb3 Bxc3+ 9. Qxc3 Ba6 10. Bxf6 Qxf6 11. Qxc7 Bxf1 12. Kxf1 Nc6 13. Rc1 Rac8 14. Qb7 Qf5 15. Ne1 Na5 16. Qxa7 Rxc1 17. Ke2 Qe6 18. Rf1 Qc6 19. Qa6 Nc4 0-1

[Event "Heart of Finland op 27th"]
[Site "Jyvaskyla"]
[Date "2017.07.23"]
[Round "9"]
[White "Malinovsky, Ilya"]
[Black "Hintikka, Eero"]
[Result "1-0"]
[WhiteElo "1995"]
[BlackElo "2061"]
[PlyCount "53"]
[EventDate "2017.07.17"]
[EventType "swiss"]
[EventRounds "9"]
[EventCountry "FIN"]
[SourceTitle "CBM 179 Extra"]
[Source "ChessBase"]
[SourceDate "2017.08.23"]
[SourceVersion "1"]
[SourceVersionDate "2017.08.23"]
[SourceQuality "1"]

1. d4 Nf6 2. Bf4 c5 3. d5 Qb6 4. Nc3 Qxb2 5. Bd2 Qb6 6. e4 d6 7. f4 e6 8. Nf3 exd5 9. exd5 Be7 10. Rb1 Qd8 11. Bb5+ Nbd7 12. a4 0-0 13. 0-0 Nb6 14. Bc1 Bf5 15. Re1 a6 16. Bd3 Bxd3 17. Qxd3 Re8 18. Bb2 Qd7 19. Ra1 Qg4 20. a5 Nbd7 21. Ra4 g6 22. Ne4 Qf5 23. Qc3 Qxd5 24. Rd1 Qc6 25. Rxd6 Qxa4 26. Rxf6 Qxe4 27. Rxg6+ 1-0

[Event "Heart of Finland op 27th"]
[Site "Jyvaskyla"]
[Date "2017.07.21"]
[Round "7"]
[White "Malinovsky, Ilya"]
[Black "Tiitta, Sauli"]
[Result "0-1"]
[WhiteElo "1995"]
[BlackElo "2194"]
[PlyCount "60"]
[EventDate "2017.07.17"]
[EventType "swiss"]
[EventRounds "9"]
[EventCountry "FIN"]
[SourceTitle "CBM 179 Extra"]
[Source "ChessBase"]
[SourceDate "2017.08.23"]
[SourceVersion "1"]
[SourceVersionDate "2017.08.23"]
[SourceQuality "1"]

1. d4 c5 2. c3 Nf6 3. Bf4 Qb6 4. Qb3 Nc6 5. e3 Nh5 6. Qxb6 axb6 7. Bc7 cxd4 8. exd4 Nf6 9. Bg3 Ne4 10. Bf4 e5 11. f3 Nxc3 12. bxc3 exf4 13. Nh3 g5 14. Bc4 Be7 15. 0-0 Ra5 16. Nf2 d5 17. Bd3 h5 18. h3 Be6 19. Nd2 Kd7 20. a4 Raa8 21. Bb5 Kc7 22. Rfe1 Bd6 23. c4 Bb4 24. cxd5 Bxd5 25. Red1 Bc3 26. Rac1 Bb2 27. Rc2 Bxd4 28. Nc4 Rhd8 29. Kh2 Bxc4 30. Bxc4 Bxf2 0-1

[Event "Heart of Finland op 27th"]
[Site "Jyvaskyla"]
[Date "2017.07.20"]
[Round "6"]
[White "Kiik, Kalle"]
[Black "Malinovsky, Ilya"]
[Result "1-0"]
[WhiteElo "2409"]
[BlackElo "1995"]
[PlyCount "35"]
[EventDate "2017.07.17"]
[EventType "swiss"]
[EventRounds "9"]
[EventCountry "FIN"]
[SourceTitle "CBM 179 Extra"]
[Source "ChessBase"]
[SourceDate "2017.08.23"]
[SourceVersion "1"]
[SourceVersionDate "2017.08.23"]
[SourceQuality "1"]

1. c4 Nf6 2. Nf3 e6 3. g3 d5 4. Bg2 Be7 5. 0-0 0-0 6. d4 dxc4 7. Qc2 a6 8. a4 Bd7 9. Bg5 Nd5 10. Bxe7 Qxe7 11. Nbd2 c5 12. dxc5 Qxc5 13. Ng5 f5 14. Qxc4 Rc8 15. Rfc1 Qf8 16. Qb3 Qd8 17. Bxd5 Qxg5 18. Bxe6+ 1-0

[Event "Heart of Finland op 27th"]
[Site "Jyvaskyla"]
[Date "2017.07.20"]
[Round "5"]
[White "Malinovsky, Ilya"]
[Black "Ristoja, Samu"]
[Result "1-0"]
[WhiteElo "1995"]
[BlackElo "2259"]
[PlyCount "45"]
[EventDate "2017.07.17"]
[EventType "swiss"]
[EventRounds "9"]
[EventCountry "FIN"]
[SourceTitle "CBM 179 Extra"]
[Source "ChessBase"]
[SourceDate "2017.08.23"]
[SourceVersion "1"]
[SourceVersionDate "2017.08.23"]
[SourceQuality "1"]

1. d4 d6 2. Bf4 g6 3. e4 Bg7 4. Nc3 c6 5. Qd2 Qc7 6. 0-0-0 e5 7. dxe5 dxe5 8. Be3 Be6 9. Nh3 f6 10. f4 Bxh3 11. gxh3 exf4 12. Bc5 Bf8 13. Bxf8 Kxf8 14. Bc4 Na6 15. Ne2 Re8 16. Nxf4 Nc5 17. Rhf1 Rxe4 18. Bxg8 Kxg8 19. Nh5 gxh5 20. Rxf6 Ne6 21. Rg1+ Ng7 22. Rxg7+ Qxg7 23. Qd8+ 1-0

[Event "St Petersburg June op"]
[Site "St Petersburg"]
[Date "2008.06.26"]
[Round "6"]
[White "Malinovsky, Ilya"]
[Black "Ivanov, Victor L"]
[Result "0-1"]
[WhiteElo "1910"]
[BlackElo "2499"]
[PlyCount "124"]
[EventDate "2008.06.21"]
[EventType "swiss"]
[EventRounds "9"]
[EventCountry "RUS"]
[SourceTitle "CBM 125 Extra"]
[Source "ChessBase"]
[SourceDate "2008.09.01"]
[SourceVersion "1"]
[SourceVersionDate "2008.09.01"]
[SourceQuality "1"]

1. d4 d5 2. c4 e6 3. Nf3 Nf6 4. Nc3 Nbd7 5. cxd5 exd5 6. Bf4 c6 7. e3 Nh5 8. Bg5 Be7 9. Bxe7 Qxe7 10. Qc2 0-0 11. Bd3 g6 12. 0-0 f5 13. a3 a5 14. Rab1 Nhf6 15. b4 axb4 16. axb4 b5 17. Ne2 Bb7 18. Nc1 Ne4 19. Nb3 Nb6 20. Na5 Nc4 21. Bxc4 bxc4 22. Ne5 Qc7 23. f3 Nd6 24. Kh1 Kg7 25. g3 Nb5 26. Ra1 Nd6 27. Rg1 Nf7 28. Nxf7 Rxf7 29. Qc3 Re7 30. Rae1 Bc8 31. e4 fxe4 32. fxe4 Bg4 33. Rgf1 Rf8 34. e5 Ref7 35. Rxf7+ Qxf7 36. Qe3 Qc7 37. Kg1 Rf3 38. Qg5 Be6 39. Rf1 h6 40. Qh4 g5 41. Qh5 Rxf1+ 42. Kxf1 Qd7 43. Qf3 Bf5 44. Kf2 g4 45. Qf4 Kg6 46. Ke1 Qc7 47. Kd2 Qb6 48. Kc3 Qa7 49. h4 gxh3 50. g4 Be4 51. Qf6+ Kh7 52. Qh4 Qf7 53. Qxh3 Qf2 54. b5 Qe1+ 55. Kb2 Qxa5 56. bxc6 Qb6+ 57. Ka3 Qxc6 58. g5 c3 59. e6 Kg8 60. gxh6 Kh7 61. Qg4 Bg6 62. Qf4 c2 0-1

[Event "Petrovskaya Ladya op"]
[Site "Peterhof"]
[Date "2008.01.07"]
[Round "5"]
[White "Malinovsky, Ilya"]
[Black "Mukhin, Georgy"]
[Result "1/2-1/2"]
[WhiteElo "1877"]
[BlackElo "2307"]
[PlyCount "59"]
[EventDate "2008.01.03"]
[EventType "swiss"]
[EventRounds "9"]
[EventCountry "RUS"]
[SourceTitle "CBM 122 Extra"]
[Source "ChessBase"]
[SourceDate "2008.03.04"]
[SourceVersion "1"]
[SourceVersionDate "2008.03.04"]
[SourceQuality "1"]

1. d4 Nf6 2. c4 g6 3. Nc3 Bg7 4. e4 d6 5. h3 0-0 6. Bg5 c5 7. d5 b5 8. cxb5 Qa5 9. Qd2 a6 10. b6 Nbd7 11. Nf3 Nxb6 12. Bd3 e6 13. 0-0 e5 14. a3 c4 15. Bc2 Rb8 16. Qe3 Bd7 17. Nd2 Rfc8 18. f4 Ne8 19. f5 Qc5 20. Qxc5 Rxc5 21. Be3 Rcc8 22. g4 Na8 23. Rab1 Bf6 24. Kh2 Bd8 25. Rf3 Bb6 26. fxg6 hxg6 27. Bh6 Bd8 28. Be3 Bb6 29. Bh6 Bd8 30. Be3 1/2-1/2

[Event "St Petersburg-ch U16"]
[Site "St Petersburg"]
[Date "2007.11.10"]
[Round "6.7"]
[White "Shpartko, Grigory"]
[Black "Malinovsky, Ilya"]
[Result "1-0"]
[WhiteElo "2102"]
[BlackElo "1883"]
[PlyCount "95"]
[EventDate "2007.11.05"]
[EventType "swiss"]
[EventRounds "9"]
[EventCountry "RUS"]
[SourceTitle "EXT 2022"]
[Source "ChessBase"]
[SourceDate "2021.10.06"]
[SourceVersion "1"]
[SourceVersionDate "2021.10.06"]
[SourceQuality "1"]

1. d4 Nf6 2. c4 c5 3. d5 b5 4. cxb5 a6 5. b6 Qxb6 6. Nc3 d6 7. e4 g6 8. Nf3 Nbd7 9. Nd2 Bg7 10. Nc4 Qc7 11. f4 0-0 12. Be2 Nb6 13. 0-0 Nxc4 14. Bxc4 Rb8 15. Qe2 Rb6 16. h3 Nh5 17. Kh2 Bf6 18. g4 Ng7 19. Qc2 Qd7 20. Rf3 e6 21. b3 h5 22. g5 Be7 23. Na4 Rb8 24. Bb2 e5 25. fxe5 Bxg5 26. Qg2 Qe7 27. exd6 Qxd6+ 28. e5 Qe7 29. Rg1 Bh6 30. d6 Qh4 31. Qxg6 Bf4+ 32. Rxf4 Qxf4+ 33. Qg3 Qxg3+ 34. Rxg3 Be6 35. Bxe6 fxe6 36. Nxc5 Rbc8 37. Bd4 Kh8 38. Rg2 Rf1 39. d7 Rg8 40. Rxg7 Kxg7 41. Nxe6+ Kg6 42. d8Q Rxd8 43. Nxd8 Rd1 44. Nc6 Kf5 45. Kg3 Ke4 46. e6 Kd5 47. e7 Re1 48. Ne5 1-0

[Event "St Petersburg-ch U16"]
[Site "St Petersburg"]
[Date "2007.11.07"]
[Round "3.7"]
[White "Malinovsky, Ilya"]
[Black "Donskov, Anatoly"]
[Result "1/2-1/2"]
[WhiteElo "1883"]
[BlackElo "2062"]
[PlyCount "44"]
[EventDate "2007.11.05"]
[EventType "swiss"]
[EventRounds "9"]
[EventCountry "RUS"]
[SourceTitle "EXT 2022"]
[Source "ChessBase"]
[SourceDate "2021.10.06"]
[SourceVersion "1"]
[SourceVersionDate "2021.10.06"]
[SourceQuality "1"]

1. d4 e6 2. c4 f5 3. g3 Nf6 4. Bg2 Be7 5. Nc3 d5 6. Nf3 c6 7. Bf4 0-0 8. e3 Ne4 9. h4 Nd7 10. a3 Ndf6 11. Qe2 Nxc3 12. bxc3 Qa5 13. 0-0 Qxc3 14. c5 Qa5 15. Ne5 Nd7 16. Nxd7 Bxd7 17. Rfb1 b6 18. Bc7 Bd8 19. Bd6 Re8 20. Bf1 Be7 21. Bc7 Bd8 22. Bd6 Be7 1/2-1/2

[Event "Petrovskaya Ladya op 08"]
[Site "Peterhof"]
[Date "2007.08.15"]
[Round "9"]
[White "Malinovsky, Ilya"]
[Black "Krikunov, Viktor"]
[Result "1/2-1/2"]
[WhiteElo "1797"]
[BlackElo "2211"]
[PlyCount "147"]
[EventDate "2007.08.06"]
[EventType "swiss"]
[EventRounds "9"]
[EventCountry "RUS"]
[SourceTitle "EXT 2008"]
[Source "ChessBase"]
[SourceDate "2007.11.25"]
[SourceVersion "1"]
[SourceVersionDate "2007.11.25"]
[SourceQuality "1"]

1. d4 Nf6 2. c4 d6 3. Nf3 Nbd7 4. Nc3 e5 5. e4 g6 6. Be2 Bg7 7. 0-0 0-0 8. Re1 exd4 9. Nxd4 Nc5 10. f3 a5 11. Be3 c6 12. Qd2 Re8 13. Rad1 Bf8 14. Nxc6 Ncxe4 15. Nxd8 Nxd2 16. Bxd2 Rxd8 17. Bg5 Be7 18. Bf1 Be6 19. Nd5 Nxd5 20. cxd5 Bxg5 21. dxe6 fxe6 22. Rxe6 Kf7 23. Bc4 d5 24. Rxd5 Rxd5 25. Bxd5 Kf8 26. Bxb7 Rb8 27. Re5 Bf6 28. Rb5 Ke7 29. b3 h5 30. g3 g5 31. h4 gxh4 32. Rxh5 hxg3 33. Kg2 Ke6 34. Bd5+ Kd6 35. Bc4 Be5 36. a4 Rf8 37. Rh6+ Kc5 38. Ra6 Bc7 39. Ra7 Kb6 40. Rxc7 Kxc7 41. Kxg3 Kd6 42. f4 Ke7 43. Kg4 Kf6 44. f5 Rh8 45. Be6 Rh1 46. Kf4 Rh4+ 47. Ke3 Ke5 48. Kd3 Re4 49. Kc3 Rf4 50. Kd3 Re4 51. Kc3 Rd4 52. Bc4 Rf4 53. Be6 Rd4 54. Bc4 Rd1 55. Be6 Rc1+ 56. Kb2 Rc6 57. Ka3 Rc3 58. Kb2 Rf3 59. Kc2 Kd4 60. Kd2 Rf2+ 61. Ke1 Ke3 62. Kd1 Kd3 63. Ke1 Re2+ 64. Kd1 Rf2 65. Ke1 Rf4 66. Bd7 Kc3 67. Be6 Kd3 68. Bd7 Ke3 69. Be6 Rf2 70. Kd1 Rd2+ 71. Ke1 Rb2 72. Kd1 Rf2 73. Ke1 Rf4 74. Kd1 1/2-1/2

[Event "Petrovskaya Ladya op 08"]
[Site "Peterhof"]
[Date "2007.08.08"]
[Round "3"]
[White "Novitsky, Alexey"]
[Black "Malinovsky, Ilya"]
[Result "1/2-1/2"]
[WhiteElo "1969"]
[BlackElo "1797"]
[PlyCount "94"]
[EventDate "2007.08.06"]
[EventType "swiss"]
[EventRounds "9"]
[EventCountry "RUS"]
[SourceTitle "EXT 2008"]
[Source "ChessBase"]
[SourceDate "2007.11.25"]
[SourceVersion "1"]
[SourceVersionDate "2007.11.25"]
[SourceQuality "1"]

1. g4 d5 2. Bg2 e5 3. d4 e4 4. c4 Bb4+ 5. Nc3 c6 6. h3 Ne7 7. Qb3 Bxc3+ 8. bxc3 0-0 9. Bg5 f6 10. Bf4 Kh8 11. e3 Ng6 12. Bg3 f5 13. Ne2 Nh4 14. Bxh4 Qxh4 15. Ng3 f4 16. Qa3 Rf7 17. exf4 e3 18. 0-0-0 exf2 19. Ne2 Qe7 20. Qxe7 Rxe7 21. Kd2 dxc4 22. Rhf1 Be6 23. Rxf2 Nd7 24. f5 Bd5 25. Bxd5 cxd5 26. Nf4 Nf6 27. Kc2 Re3 28. Rb1 b6 29. Rb5 Rd8 30. Re2 Rxe2+ 31. Nxe2 Rd6 32. Nf4 a6 33. Rb1 Kg8 34. Re1 Kf7 35. g5 Ne4 36. h4 h6 37. Ne6 hxg5 38. Nxg5+ Nxg5 39. hxg5 b5 40. a4 bxa4 41. Ra1 g6 42. f6 Re6 43. Kd2 Re4 44. Rh1 Rg4 45. Rh7+ Kf8 46. Rh8+ Kf7 47. Rh7+ Kf8 1/2-1/2

[Event "St Petersburg White Nights CYSS op"]
[Site "St Petersburg"]
[Date "2007.06.02"]
[Round "1"]
[White "Mukhlisov, Vladislav"]
[Black "Malinovsky, Ilya"]
[Result "1-0"]
[WhiteElo "2115"]
[BlackElo "1797"]
[PlyCount "87"]
[EventDate "2007.06.02"]
[EventType "swiss"]
[EventRounds "9"]
[EventCountry "RUS"]
[SourceTitle "EXT 2022"]
[Source "ChessBase"]
[SourceDate "2021.10.06"]
[SourceVersion "1"]
[SourceVersionDate "2021.10.06"]
[SourceQuality "1"]

1. Nf3 Nf6 2. d4 g6 3. Nbd2 Bg7 4. e4 d6 5. h3 e5 6. c3 Qe7 7. dxe5 dxe5 8. Bd3 Nbd7 9. 0-0 0-0 10. Re1 b6 11. Qc2 Bb7 12. a4 Nc5 13. Bf1 Rfd8 14. b4 Ncd7 15. a5 a6 16. Ba3 b5 17. c4 c6 18. g3 Nf8 19. Nb3 Bc8 20. Bb2 Ne8 21. Bc3 Nd6 22. c5 Ne8 23. Qb2 f6 24. Kh2 Be6 25. Nbd2 Rd7 26. Bg2 Rad8 27. Nf1 Bh6 28. Ne3 Bxe3 29. Rxe3 Bf7 30. Re2 Qe6 31. Rb1 Rd3 32. Ne1 R3d7 33. f4 exf4 34. gxf4 Re7 35. Nf3 f5 36. Nd4 Qc8 37. exf5 Rxe2 38. Qxe2 Bd5 39. Re1 gxf5 40. Bxd5+ cxd5 41. Qe5 Ng6 42. Qxf5 Qxf5 43. Nxf5 Nxf4 44. Nh6+ 1-0